000 00727nam a2200289Ia 4500
005 20260324130733.0
008 008 260324s9999 xx 000 0 eng d
020 _a9781315594699
037 _aEBOOK
040 _aCRL
040 _beng
040 _cCRL
041 _2eng
041 _aeng
084 _qCRL
100 _aAnne Borsay; Peter Shapely
_91182908
245 0 _aMedicine, Charity and Mutual Aid
245 4 _bThe Consumption of Health and Welfare in Britain, c.1550–1950
260 _bTaylor and Francis
260 _c2007
365 _a
365 _b240
856 _uhttp://www.taylorfrancis.com/books/9781315594699
942 _cEBOOK
999 _c1779335
_d1779335